Bhakti Yoga Sagar/ (Record no. 215661)

MARC details
000 -LEADER
fixed length control field 00643nam a22002177a 4500
005 - DATE AND TIME OF LATEST TRANSACTION
control field 20260319145426.0
010 ## - LCCN (DPL NO)
LC control number ENG-148058-059
020 ## - INTERNATIONAL STANDARD BOOK NUMBER
International Standard Book Number 9788186336250
Terms of availability 4400.00(Set of 7)
020 ## - INTERNATIONAL STANDARD BOOK NUMBER
International Standard Book Number 9788186336281
035 ## - SYSTEM CONTROL NUMBER
System control number EN-131590-591
037 ## - SOURCE OF ACQUISITION
Source of stock number/acquisition DBAD
082 ## - DEWEY DECIMAL CLASSIFICATION NUMBER
Classification number 181.43
Edition number 1
100 ## - MAIN ENTRY--PERSONAL NAME
Personal name Sarawati, Satyananda
245 ## - TITLE STATEMENT
Title Bhakti Yoga Sagar/
Statement of responsibility, etc Satyananda Sarawati
250 ## - EDITION STATEMENT
Edition statement 1
260 ## - PUBLICATION, DISTRIBUTION, ETC. (IMPRINT)
Place of publication, distribution, etc Bihar
Name of publisher, distributor, etc Yoga publication trust ganga darshan
Date of publication, distribution, etc 2013(Rep)
270 ## - ADDRESS
Address Yoga publication trust, ganga darshan
City Munger
300 ## - PHYSICAL DESCRIPTION
Extent 157p.,194p.
Dimensions 22cm(pb)
490 ## - SERIES STATEMENT
Volume number/sequential designation 6,7
942 ## - ADDED ENTRY ELEMENTS (KOHA)
Source of classification or shelving scheme Dewey Decimal Classification
Item type English Books
Classification part 181.43
Call number suffix SAR
Edition 1
Holdings
Withdrawn status Lost status Materials specified (bound volume or other part) Not for loan Collection code Home library Current library Date acquired Source of acquisition Cost, normal purchase price Full call number Barcode Copy number Cost, replacement price Koha item type
    Book 6   Non-fiction Sarojini Nagar Sarojini Nagar 19/03/2026 EN-13159 628.00 181.43 SAR EN-131590 1 628.00 English Books
    Book 7   Non-fiction Sarojini Nagar Sarojini Nagar 19/03/2026 EN-13159 628.00 181.43 SAR EN-131591 1 628.00 English Books

© Delhi Public Library
Hit Counter
free hit counter